Sharjah Art Foundation Library

النبراس: رواية/ (Record no. 6623)

MARC details
000 -LEADER
fixed length control field 00522nam a2200169Ia 4500
001 - CONTROL NUMBER
control field 6623
008 - FIXED-LENGTH DATA ELEMENTS--GENERAL INFORMATION
fixed length control field 260622s9999 xx 000 0 und d
020 ## - INTERNATIONAL STANDARD BOOK NUMBER
International Standard Book Number 9948041747
245 #0 - TITLE STATEMENT
Title النبراس: رواية/
Statement of responsibility, etc. علي أحمد الحميري
260 ## - PUBLICATION, DISTRIBUTION, ETC.
Place of publication, distribution, etc. الشارقة؛
Name of publisher, distributor, etc. دائرة الثقافة والإعلام؛
Date of publication, distribution, etc. 2003
300 ## - PHYSICAL DESCRIPTION
Extent 144p;
Dimensions 20x14cm
520 ## - SUMMARY, ETC.
Summary, etc. The Lamp- Ali Ahmed Al Humairi
546 ## - LANGUAGE NOTE
Language note Arabic
650 ## - SUBJECT ADDED ENTRY--TOPICAL TERM
Topical term or geographic name entry element PJ7501-8517 Arabic literature
655 ## - INDEX TERM--GENRE/FORM
Genre/form data or focus term Fiction رواية
9 (RLIN) 9475
942 ## - ADDED ENTRY ELEMENTS (KOHA)
Koha item type Book
Holdings
Withdrawn status Lost status Damaged status Not for loan Collection Home library Current library Date acquired Total Checkouts Full call number Barcode Date last seen Price effective from Koha item type
        Language and Literature SAF Reference Library SAF Reference Library 06/22/2026   PJ7501-8517 89.608 6623 06/22/2026 06/22/2026 Book

Copyright © 2022. Sharjah Art Foundation. All Rights Reserved.